Didáctica sonora: de sala cuna a jardín infantil

Gespeichert in:
Bibliographische Detailangaben
1. Verfasser: Concha Molinari, Olivia (VerfasserIn)
Körperschaft: Junta Nacional de Jardines Infantiles (VerfasserIn)
Format: Buch
Sprache:Spanisch
Veröffentlicht: Santiago Ediciones de la Junji 2017
Ausgabe:1a. ed
Schriftenreihe:Cuadernos de Educación Inicial, 8
Schlagworte:
Tags: Tag hinzufügen
Keine Tags, Fügen Sie den ersten Tag hinzu!

MARC

LEADER 00000cam a2200000 a 4500
001 UCC3473
003 CL-VaPUC
008 180518e20171100cl |||||||||||||||||spa|d
020 |a 9789568347994 
082 0 4 |a 372.21  |b CON  |2 21 
100 0 |a Concha Molinari, Olivia  |e author  |9 597466 
110 2 |a Junta Nacional de Jardines Infantiles  |e author  |9 597467 
245 1 0 |a Didáctica sonora: de sala cuna a jardín infantil 
250 |a 1a. ed 
300 |a 66 p 
942 |c BK 
945 |d 20180518 12:56:00  |a arojas 
260 |a Santiago  |b Ediciones de la Junji  |c 2017 
650 7 |a SALA CUNA  |2 CL-VaPUC  |9 588786 
650 0 |a Jardines infantiles  |9 307427 
650 0 |a Sonidos  |9 367259 
650 0 |a Educación preescolar  |9 260381 
583 |a last modification  |c 20180518 12:56:00  |k Rodrigo Vera 
490 0 |a Cuadernos de Educación Inicial, 8 
999 |c 371171  |d 371169 
952 |0 0  |1 0  |3 erb  |4 0  |6 372_210000000000000_CON_2017  |7 0  |8 A  |9 488077  |a BIBEDU  |b BIBEDU  |c ES_NOD  |i 5470196  |o 372.21 CON 2017  |p 5470196  |r 2023-08-09  |w 2019-11-24  |y BK  |z Catalogado en:20180518  |k PAR